000 00605nam a2200169 i 4500
001 149288
003 ES-MaACL
005 20230906203028.0
007 t|
008 071019s1945 sp ||||1| spa d
100 1 _aVellvé Bueno, Ernesto.
_9113858
245 1 3 _aEl asegurador frente al tercero responsable
_b: economía, técnica, derecho, monografía /
_cpor Ernesto Vellve Bueno ; prólogo de Ernesto Anastasio Pascual.
260 _aMadrid :
_b[s.n.],
_c1945 (
_fVicente Rico)
300 _a239 p. ;
_c23 cm.
700 1 _aPascual, Ernesto Anastasio.
_989347
852 _aES-MaACL
_jA-1927
_bR.23484
999 _c149288
_d149288